| 000 | 00676nam a2200193 u 4500 | ||
|---|---|---|---|
| 005 | 20220729084251.0 | ||
| 008 | 100129s2006 es r 000 0 spa d | ||
| 020 | _a8466755047 | ||
| 035 | _aUPN01000174383 | ||
| 049 | _aI | ||
| 050 | 4 |
_aPQ6323 A5 _bA5.2 |
|
| 100 | 1 |
_aCervantes Saavedra, Miguel de, _d1547-1616 |
|
| 245 | 1 | 0 |
_aDon Quijote de La Mancha / _cMiguel de Cervantes ; adaptación de Paula López Hortas ; il. de José Luis Zazo. |
| 260 |
_aMadrid : _bAnaya, _c2006. |
||
| 300 |
_a158 p. : _bil. col. |
||
| 440 | 0 | _aClásicos a medida | |
| 600 | 1 | 2 |
_aCervantes Saavedra, Miguel de, _d1547-1616. _tEl ingenioso Hidalgo Don Quijote de la Mancha _96728 |
| 905 | _aLibro | ||
| 999 |
_c146487 _d146487 |
||